Don't Stop the Music - Rihanna (All Lyrics) - Statistics

General Stats
  • This quiz has been taken 820 times
  • The average score is 282 of 371
Answer Stats
Lyrics % Correct
do.
99%
Do
99%
do
99%
music.
99%
music
99%
the
99%
the,
99%
don't
98%
don't.
98%
Don't
98%
I
98%
stop
98%
Please
97%
please
97%
a
95%
you
94%
it
92%
it.
92%
to
91%
when
90%
away.
86%
take
86%
way
86%
way.
86%
wanna
85%
in
81%
let
81%
play.
81%
just
80%
Just
80%
my
80%
DJ,
79%
get
79%
It's
77%
it's
77%
like
77%
Like
77%
on
77%
no
75%
gettin'
74%
late.
74%
can't
72%
dance
72%
I'm
72%
I'ma
72%
your
70%
Your
70%
getting
69%
know
69%
know.
69%
go,
67%
this.
67%
This
67%
place.
66%
we're
66%
We're
66%
and
65%
floor,
65%
hand
65%
hand,
65%
refuse
65%
what
64%
What
64%
here
63%
party.
63%
now
62%
rockin'
60%
favorite
59%
started?
59%
face
58%
face.
58%
actin'
57%
came
57%
makin'
57%
naughty.
57%
Keep
56%
over
56%
waist
56%
waist.
56%
Who
56%
be
55%
hands
55%
stress
55%
body
54%
into
54%
Let's
54%
making
53%
is
52%
around
51%
But
51%
for
51%
escape
50%
looking
50%
shake
49%
that
48%
knew
47%
chest
45%
chest,
45%
have
45%
moving,
45%
You're
45%
gotta
44%
candidate.
41%
looked
41%
nobody
41%
wasn't
41%
Possible
40%
incredible.
39%
say
39%
Baby,
37%
If
36%
are
35%
rocking
34%
you'd
34%
aura
33%
feel
33%
impossible.
33%
up
33%
show.
32%
ready
28%
private
27%
'cause
26%
has
26%
staying
26%
one
25%
us,
24%
explode?
23%
passion
20%
goes
18%
between
16%
cold.
14%
No matching quizzes found
Score Distribution
Percent of People with Each Score
Percentile by Number Answered
Your Score History
You have not taken this quiz